000 00374nam a2200121Ia 4500
008 220616s9999||||xx |||||||||||||| ||und||
100 _aGilbert Etienne
245 0 _aIndian Villages
546 _aEnglish[eng]
650 _apeasant||castes||rural development||development policies and practices||sociology
856 _uhttp://books.openedition.org/iheid/1744
942 _cEB
999 _c21203
_d21203